The New international dictionary of New Testament theology / (Record no. 2211)

MARC details
000 -LEADER
fixed length control field 01283cam a2200313 i 4500
001 - CONTROL NUMBER
control field 801190
003 - CONTROL NUMBER IDENTIFIER
control field GBCCL
005 - DATE AND TIME OF LATEST TRANSACTION
control field 20241126110423.0
008 - FIXED-LENGTH DATA ELEMENTS--GENERAL INFORMATION
fixed length control field 751111m19751978miu bd 001 0 eng
010 ## -
-- 75038895
020 ## - INTERNATIONAL STANDARD BOOK NUMBER
International Standard Book Number 0853641773 (v. 1)
040 ## - CATALOGING SOURCE
Original cataloging agency DLC
Transcribing agency DLC
Modifying agency DLC
041 1# -
-- engger
050 00 -
-- BS2312
-- .N48 1975
082 00 - DEWEY DECIMAL CLASSIFICATION NUMBER
Classification number 225.3
-- 230.03
Edition information 19
Item number NEW
245 04 - TITLE STATEMENT
Title The New international dictionary of New Testament theology /
Statement of responsibility, etc. Colin Brown, general editor.
260 ## - PUBLICATION, DISTRIBUTION, ETC.
Place of publication, distribution, etc. Grand Rapids, Mich. :
Name of publisher, distributor, etc. Zondervan Pub. House,
Date of publication, distribution, etc. c1975-1978.
300 ## - PHYSICAL DESCRIPTION
Extent 3 v. ;
Dimensions 25 cm.
500 ## - GENERAL NOTE
General note Dictionary of New Testament theology.
500 ## - GENERAL NOTE
General note "Translated, with additions and revisions, from the German Theologisches Begriffslexikon zum Neuen Testament, edited by Lothar Coenen, Erich Beyreuther and Hans Bietenhard."
500 ## - GENERAL NOTE
General note "Companion volume: The new international dictionary of the Christian Church."
504 ## - BIBLIOGRAPHY, ETC. NOTE
Bibliography, etc. note Includes bibliographical references and indexes.
630 00 - SUBJECT ADDED ENTRY--UNIFORM TITLE
Uniform title Bible.
Name of part/section of a work New Testament
General subdivision Theology
-- Dictionaries.
9 (RLIN) 2566
630 00 - SUBJECT ADDED ENTRY--UNIFORM TITLE
Uniform title Bible.
Name of part/section of a work New Testament
General subdivision Dictionaries.
9 (RLIN) 2567
700 1# - ADDED ENTRY--PERSONAL NAME
Personal name Brown, Colin,
Dates associated with a name 1932-
9 (RLIN) 2568
740 ## -
-- Dictionary of New Testament theology.
906 ## - LOCAL DATA ELEMENT F, LDF (RLIN)
a 7
b cbc
c orignew
d 1
e ocip
f 19
g y-gencatlg
942 ## - ADDED ENTRY ELEMENTS (KOHA)
Source of classification or shelving scheme Dewey Decimal Classification
Koha item type Reference Books
Holdings
Withdrawn status Lost status Source of classification or shelving scheme Damaged status Not for loan Home library Current Library Shelving location Date acquired Total checkouts Full call number Barcode Date last seen Copy number Price effective from Koha item type
    Dewey Decimal Classification     GRACE BIBLE COLLEGE GRACE BIBLE COLLEGE Dictionary 2017-07-14   225.3 NEW 000102 2025-05-01 v.1 2017-07-14 Reference Books
    Dewey Decimal Classification     GRACE BIBLE COLLEGE GRACE BIBLE COLLEGE Dictionary 2017-07-14   225.3 NEW 000103 2025-05-01 v.2 2017-07-14 Reference Books
    Dewey Decimal Classification     GRACE BIBLE COLLEGE GRACE BIBLE COLLEGE Dictionary 2017-07-14   225.3 NEW 000104 2025-05-01 v.3 2017-07-14 Reference Books
© Grace Bible College Library 2025